000 00475nam a2200181Ia 4500
001 8536
005 20260306160616.0
008 260306t2014||||xx |||||||||||||| ||spa||
041 _aESP
082 _a371.102
_bS85
100 _aSuárez Díaz, Reinaldo
_eAUT
245 0 _aLa educación:
_bestrategias de enseñanza - aprendizaje, teorias educativas
260 _c2014
300 _a239 páginas :
_c23 cm.
650 _aGEN
654 _aCED
942 _cLIB
_dJUS
_fJUS
_2ddc
_n
999 _c8536
_d8536